000 00851nac a22002777a 4500
001 BR8203935
003 BR-BrBNA
005 20240105115410.0
008 230509b bl.|||m| |||| 00| 0 por d
040 _aBR-BrBNA
_bpor
_cBiblioteca Nacional de Agricultura
072 _aF00
090 _a1122 BR8203935
100 1 _aLuna, J.V.U.
110 1 _aEmpresa de Pesquisa Agropecuaria da Bahia S.A., Salvador (Brasil)
_94094
245 1 _aInstrucoes para a cultura do mamao
260 3 _aSalvador, BA (Brasil):
_c1982.
300 _a22 p.
490 _aCircular Tecnica - Empresa de Pesquisa Agropecuaria da Bahia (Brazil)
_vno. 1
_x
500 _a15 ref.
650 _aPRATICA CULTURAL
650 _aMAMAO
650 _aVARIEDADE
650 _aREPRODUCAO VEGETAL
909 _a202312
_bLúcia Elande
_c55
_dLúcia Elande
942 _2AGRIS
_n0
_cMS
999 _c274666
_d274666